Những chiến lược làm thay đổi Trung Quốc : (sách tham khảo)
Để có những sách lược lớn đến mức có thể vần xoay được một đất nước khổng lồ như Trung Quốc phải có những nhà hoạch định sách lược cực lớn, và đó là tên tuổi của: Vương Hộ Ninh, Tiêu Chước Cơ, Long Vĩnh Đồ, Tân Kỳ, Đồng Đại...
Uloženo v:
| Hlavní autor: | |
|---|---|
| Médium: | Kniha |
| Jazyk: | Undetermined |
| Vydáno: |
Hà Nội
Văn hóa Thông tin
2005
|
| Témata: | |
| Tagy: |
Přidat tag
Žádné tagy, Buďte první, kdo otaguje tento záznam!
|
| Thư viện lưu trữ: | Trung tâm Học liệu Trường Đại học Cần Thơ |
|---|
| LEADER | 01190nam a2200229Ia 4500 | ||
|---|---|---|---|
| 001 | CTU_101110 | ||
| 008 | 210402s9999 xx 000 0 und d | ||
| 020 | |c 55000 | ||
| 082 | |a 330.0951 | ||
| 082 | |b H100 | ||
| 100 | |a Trương, Hiểu Hà | ||
| 245 | 0 | |a Những chiến lược làm thay đổi Trung Quốc : | |
| 245 | 0 | |b (sách tham khảo) | |
| 245 | 0 | |c Trương Hiểu Hà | |
| 260 | |a Hà Nội | ||
| 260 | |b Văn hóa Thông tin | ||
| 260 | |c 2005 | ||
| 520 | |a Để có những sách lược lớn đến mức có thể vần xoay được một đất nước khổng lồ như Trung Quốc phải có những nhà hoạch định sách lược cực lớn, và đó là tên tuổi của: Vương Hộ Ninh, Tiêu Chước Cơ, Long Vĩnh Đồ, Tân Kỳ, Đồng Đại Lâm, Trương Hán Lâm, Đường Thụ Bị, Trương Chiêu Trung, Lâm Nghị Phu, Thịnh Hồng, Phương Sinh... | ||
| 650 | |a Strategic planning,China | ||
| 650 | |x Economic conditions | ||
| 904 | |i Tuyến | ||
| 980 | |a Trung tâm Học liệu Trường Đại học Cần Thơ | ||